Medzinárodný marketing : Prípadové štúdie II /

Guardado en:
Detalles Bibliográficos
Autor principal: Urban, Eduard (Autor)
Formato: Libro
Lenguaje:eslovaco
Publicado: Bratislava : Ekonomická univerzita, 1994
Etiquetas: Agregar Etiqueta
Sin Etiquetas, Sea el primero en etiquetar este registro!

MARC

LEADER 00000nam a22000003a 4500
001 stu22787
005 20150617225750.3
008 940923s1994----cs------------------slo-d
020 |a 80-225-0563-3 
040 |a STU  |b slo 
041 0 |a slo 
044 |a cs 
080 |a 339.13(075.8)  |7 stu_us_auth*stu5211 
100 1 |a Urban, Eduard  |4 aut 
245 1 |a Medzinárodný marketing :  |b Prípadové štúdie II /  |c [aut.]Urban,Eduard 
260 |a Bratislava :  |b Ekonomická univerzita,  |c 1994 
300 |a 324 s :  |b Tabuľky 
500 |a (Dočasná vysokoškolská učebnica) 
996 |b CS32911  |c C*S32911  |l CCXIV  |s P  |a 0  |w stu22787_0001